<?xml version="1.0" encoding="UTF-8"?><?xml-stylesheet type="text/xsl" href="static/style.xsl"?><OAI-PMH xmlns="http://www.openarchives.org/OAI/2.0/" xmlns:xsi="http://www.w3.org/2001/XMLSchema-instance" xsi:schemaLocation="http://www.openarchives.org/OAI/2.0/ http://www.openarchives.org/OAI/2.0/OAI-PMH.xsd"><responseDate>2026-06-02T12:46:08Z</responseDate><request verb="GetRecord" identifier="oai:riuma.uma.es:10630/33968" metadataPrefix="marc">https://riuma.uma.es/rest/oai/request</request><GetRecord><record><header><identifier>oai:riuma.uma.es:10630/33968</identifier><datestamp>2026-02-03T11:03:44Z</datestamp><setSpec>com_10630_2254</setSpec><setSpec>col_10630_37953</setSpec></header><metadata><record xmlns="http://www.loc.gov/MARC21/slim" xmlns:dcterms="http://purl.org/dc/terms/" xmlns:doc="http://www.lyncode.com/xoai" xmlns:xsi="http://www.w3.org/2001/XMLSchema-instance" xsi:schemaLocation="http://www.loc.gov/MARC21/slim http://www.loc.gov/standards/marcxml/schema/MARC21slim.xsd">
   <leader>00925njm 22002777a 4500</leader>
   <datafield ind2=" " ind1=" " tag="042">
      <subfield code="a">dc</subfield>
   </datafield>
   <datafield ind2=" " ind1=" " tag="720">
      <subfield code="a">Vizcaíno Sánchez, Jaime</subfield>
      <subfield code="e">author</subfield>
   </datafield>
   <datafield ind2=" " ind1=" " tag="260">
      <subfield code="c">2016</subfield>
   </datafield>
   <datafield ind2=" " ind1=" " tag="520">
      <subfield code="a">Estudiamos un entalle hallado en Carthago Nova. Esta pieza de cornalina presenta un centauro con una rama, avanzando hacia la izquierda. El artículo incide en las características técnicas, datación o adscripción cultural de esta gema, que fue utilizada como&#xd;
anillo. Especialmente, insistimos en la necesidad de profundizar en el análisis iconográfico de los centauros. Pensamos que este entalle muestra un exemplum mitológico.</subfield>
   </datafield>
   <datafield ind1="8" ind2=" " tag="024">
      <subfield code="a">Vizcaíno Sánchez, Jaime. “An Engraved Gem With Centaur Found at Carthago Nova (Hispania Citerior)”. Eikón / Imago 5, no. 1 (June 8, 2016): 19–36. https://doi.org/10.5209/eiko.73477.</subfield>
   </datafield>
   <datafield ind1="8" ind2=" " tag="024">
      <subfield code="a">https://hdl.handle.net/10630/33968</subfield>
   </datafield>
   <datafield ind1="8" ind2=" " tag="024">
      <subfield code="a">10.5209/eiko.73477</subfield>
   </datafield>
   <datafield tag="653" ind2=" " ind1=" ">
      <subfield code="a">Restos arqueológicos - España - Historia - &lt;0218-0414 (Epoca romana)</subfield>
   </datafield>
   <datafield tag="653" ind2=" " ind1=" ">
      <subfield code="a">Cartagena (Murcia) - Restos arqueológicos romanos</subfield>
   </datafield>
   <datafield ind2="0" ind1="0" tag="245">
      <subfield code="a">Un entalle con centauro hallado en Carthago Nova (Hispania Citerior)</subfield>
   </datafield>
</record>
</metadata></record></GetRecord></OAI-PMH>